[Event "Rivera Hernandez Memorial-B"]
[Site "Rivera Huila"]
[Date "2023.07.23"]
[Round "7"]
[White "Trujillo Castaneda, Maria Antonia"]
[Black "Lucuara Alvarez, Mateo"]
[Result "0-1"]
[WhiteElo "1180"]
[BlackElo "1166"]
[PlyCount "36"]
[EventDate "2023.07.20"]
[EventType "swiss"]
[EventRounds "7"]
[EventCountry "COL"]
[SourceTitle "CBM 215 Extra"]
[Source "ChessBase"]
[SourceDate "2023.09.30"]
[SourceVersion "1"]
[SourceVersionDate "2023.09.30"]
[SourceQuality "1"]

1. e4 e5 2. Nf3 Nc6 3. Bc4 Bc5 4. Nc3 d6 5. d3 Nf6 6. Be3 Bb6 7. Qd2 Bg4 8. 0-0-0 Nd4 9. Bxd4 Bxd4 10. h3 Bh5 11. Nd5 Nxd5 12. Bxd5 c6 13. Bb3 Qb6 14. c3 Bxf2 15. Qxf2 Qxf2 16. Rhf1 Qxg2 17. Rde1 Bxf3 18. h4 Bh5 0-1